000 00744cam a2200265ua 4500
001 10078
005 20260515114549.0
008 170329n ii |||gr||||Z||||||asm
020 _a9788192321899
040 _cMAIN
041 _aasm
082 _a320.95416
100 _aGogoi, Kamal,
_eAuthor.
245 _aAsomor prekshapotot uttar pub bharatar rajniti
_cBy Kamal Gogoi and others
250 _a1st ed.
260 _aDibrugarh:
_bNational library,
_c2013.
300 _a560p.
653 _aPolitical science
653 _aPolitics of North East India
700 _aBora, Ganesh Chandra,
_eAuthor.
700 _aDas, Deepen,
_eAuthor.
700 _aPhukan, Debajit,
_eAuthor.
700 _aKalita, Tapan C.,
_eAuthor.
942 _cBK
999 _c9069
_d9069